• 首页
  • 本馆介绍
  • 公告通知
  • 最新文献
  • 馆藏检索
  • 电子资源
  • 读者导购
  • 参考咨询
  • 我的图书馆
  • 登录
  • 详细信息显示
  • 放入我的书架
  • 预约/预借图书
  • 作者相关作品
  • 分类相关作品
  • 丛书相关作品
  • 出版社相关作品

书目信息

  • 表格格式
  • 工作单格式
  • 卡片格式
题名:
超速营销·手绘POP
    
 
作者: 陆红阳 , 喻湘龙 主编 ;游力 , 周洁册 编著
分册:   校园·节庆·娱乐·旅游
出版信息: 南宁   广西美术出版社  2004
页数: 95页
开本: 29cm
丛书名:
单 册:
中图分类: J524.3
科图分类:
主题词: 商业广告--设计--中国 , 学校--商业广告--设计--中国 , 节日--商业广告--设计--中国 , 旅游--商业广告--设计--中国
电子资源:
ISBN: 7-80674-459-2
000 01126nam0 2200301 45
001 002577794
005 20050111144623.6
010    @a7-80674-459-2@dCNY30.00
100    @a20040212d2004 em y0chiy0110 ea
101 0  @achi
102    @aCN@b450000
105    @aa z 000yy
200 1  @a超速营销·手绘POP@Achao su ying xiao · shou hui POP@i校园·节庆·娱乐·旅游@f陆红阳,喻湘龙主编@FLu Hong Yang,Yu Xiang Long Zhu Bian@g游力,周洁册编著
210    @a南宁@c广西美术出版社@d2004
215    @a95页@c图@d29cm
330    @a本书精选了采用手绘形式的作品,分为校园手绘POP、节庆手绘POP、娱乐手绘POP和旅游手绘POP四部分,重点在于展示校园POP及各类娱乐项目POP海报的实际运用。
517    @a校园·节庆·娱乐·旅游@AXiao Yuan·Jie Qing·Yu Le·Lu You
606 0  @a商业广告@x设计@y中国
606 0  @a学校@x商业广告@x设计@y中国
606 0  @a节日@x商业广告@x设计@y中国
606 0  @a旅游@x商业广告@x设计@y中国
690    @aJ524.3@v4
701  0 @a陆红阳@4主编
701  0 @a喻湘龙@4主编
702  0 @a游力@AYou Li@4编著
702  0 @a周洁册@AZhou Jie Ce@4编著
801  0 @aCN@bNLC@c20040513
905    @b341893@dJ524.3@e100@f1
    
    超速营销·手绘POP.校园·节庆·娱乐·旅游/陆红阳,喻湘龙主编/游力,周洁册编著.-南宁:广西美术出版社,2004
    95页:图;29cm
    
    
    ISBN 7-80674-459-2:CNY30.00
    本书精选了采用手绘形式的作品,分为校园手绘POP、节庆手绘POP、娱乐手绘POP和旅游手绘POP四部分,重点在于展示校园POP及各类娱乐项目POP海报的实际运用。
●
相关链接 在E读中查询图书 在五车中查询图书 在当当中查询图书 在豆瓣中查询图书


正题名:超速营销·手绘POP     索取号:J524.3/100         预约/预借

序号 登录号 条形码 馆藏地/架位号 状态 备注
1 0341893   203418934   第一样本阅览室/ [索取号:J524.3/100] 在馆    
唐山师范学院图书馆 欢迎您!
大连网信软件有限公司© 版权所有